Che amigos /

Guardado en:
Autor Principal: Orgambide, Pedro
Otros Autores: Macrhesi, Juan Carlos; il.
Formato: Libro
Publicado: Buenos Aires : Colihue, 2013
Series:Cuentos del pajarito remendado
Materias:
Etiquetas: Agregar Etiqueta
Sin Etiquetas, Sea el primero en etiquetar este registro!
LEADER 00756nam a22002415a 4500
001 CEM.cems015353
005 20191121160413.0
008 130507s2013##################000#0#####d
003 CEMS
020 |a 9789876848886 
082 0 4 |a A868.4 
100 1 |a Orgambide, Pedro 
245 1 0 |a Che amigos /  |c Pedro Orgambide ; ilustrado Por Juan Carlos Marchesi 
260 |a Buenos Aires :  |b Colihue,  |c 2013 
300 |a 16 p. 
490 0 |a Cuentos del pajarito remendado 
653 |a Literatura 
653 |a Literatura argentina 
653 |a Literatura infantil 
653 |a Cuentos infantiles 
653 |a Colección ciencias de la educación 
700 1 |a Macrhesi, Juan Carlos; il. 
859 |a CEMS  |b BIB. CEMS - Ccias. Educacion  |h A868.4  |i Or351-1  |k CE  |p 28652.19  |t Ej.1